<?xml version="1.0" encoding="UTF-8"?>
<record
    xmlns:xsi="http://www.w3.org/2001/XMLSchema-instance"
    xsi:schemaLocation="http://www.loc.gov/MARC21/slim http://www.loc.gov/standards/marcxml/schema/MARC21slim.xsd"
    xmlns="http://www.loc.gov/MARC21/slim">

  <leader>00862nam a22002417a 4500</leader>
  <controlfield tag="005">20250808154139.0</controlfield>
  <datafield tag="010" ind1=" " ind2=" ">
    <subfield code="a">ENG-146435</subfield>
  </datafield>
  <datafield tag="020" ind1=" " ind2=" ">
    <subfield code="a">9789354429323</subfield>
    <subfield code="c">160.00</subfield>
  </datafield>
  <datafield tag="035" ind1=" " ind2=" ">
    <subfield code="a">EN-129967</subfield>
  </datafield>
  <datafield tag="037" ind1=" " ind2=" ">
    <subfield code="b">DBAD</subfield>
  </datafield>
  <datafield tag="082" ind1=" " ind2=" ">
    <subfield code="a">881.08</subfield>
  </datafield>
  <datafield tag="245" ind1=" " ind2=" ">
    <subfield code="a">Poetica</subfield>
    <subfield code="b">An Anthology of English verse</subfield>
    <subfield code="c">Edited by Ajay Kumar Shukla And Alok Kumar And Gourhari Behera </subfield>
  </datafield>
  <datafield tag="250" ind1=" " ind2=" ">
    <subfield code="a">1</subfield>
  </datafield>
  <datafield tag="260" ind1=" " ind2=" ">
    <subfield code="a">Telangana </subfield>
    <subfield code="b">ORIENT BLACKSWAN PRIVATE LIMITED</subfield>
    <subfield code="c">2025</subfield>
  </datafield>
  <datafield tag="270" ind1=" " ind2=" ">
    <subfield code="a">3-6-752 Himayatnagr Hyderabad  </subfield>
    <subfield code="b">Hyderabad </subfield>
    <subfield code="e">500029</subfield>
    <subfield code="m">centraloffice@orientblackswan.com</subfield>
  </datafield>
  <datafield tag="300" ind1=" " ind2=" ">
    <subfield code="a">122p</subfield>
    <subfield code="c">22cm .(PB)</subfield>
  </datafield>
  <datafield tag="700" ind1=" " ind2=" ">
    <subfield code="a">Edited by  Shukla,Ajay Kumar</subfield>
    <subfield code="9">84011</subfield>
  </datafield>
  <datafield tag="700" ind1=" " ind2=" ">
    <subfield code="a">Edited by kumar,Alok </subfield>
    <subfield code="9">84022</subfield>
  </datafield>
  <datafield tag="700" ind1=" " ind2=" ">
    <subfield code="a">Edited by Behera,Gourhari </subfield>
    <subfield code="9">84023</subfield>
  </datafield>
  <datafield tag="700" ind1=" " ind2=" ">
    <subfield code="a">EdIted Rai,Amod Kumar </subfield>
    <subfield code="9">84012</subfield>
  </datafield>
  <datafield tag="700" ind1=" " ind2=" ">
    <subfield code="a">Editor Singh,Pankaj Kumar</subfield>
    <subfield code="9">84013</subfield>
  </datafield>
  <datafield tag="942" ind1=" " ind2=" ">
    <subfield code="2">ddc</subfield>
    <subfield code="c">EN</subfield>
    <subfield code="h">881.08</subfield>
    <subfield code="m">HUM</subfield>
  </datafield>
  <datafield tag="999" ind1=" " ind2=" ">
    <subfield code="c">212986</subfield>
    <subfield code="d">212986</subfield>
  </datafield>
  <datafield tag="952" ind1=" " ind2=" ">
    <subfield code="0">0</subfield>
    <subfield code="1">0</subfield>
    <subfield code="4">0</subfield>
    <subfield code="7">0</subfield>
    <subfield code="8">NFIC</subfield>
    <subfield code="a">M</subfield>
    <subfield code="b">M</subfield>
    <subfield code="d">2025-08-08</subfield>
    <subfield code="e">DBAD</subfield>
    <subfield code="g">160.00</subfield>
    <subfield code="l">0</subfield>
    <subfield code="o">881.08 HUM</subfield>
    <subfield code="p">EN-129967</subfield>
    <subfield code="r">2025-08-08 00:00:00</subfield>
    <subfield code="t">1</subfield>
    <subfield code="v">160.00</subfield>
    <subfield code="w">2025-08-08</subfield>
    <subfield code="y">EN</subfield>
  </datafield>
</record>
